Interaktívna komunikácia v médiách

Základné východiská interaktívnej komunikácie. Interaktívna komunikácia v súčasnosti. Príklady interaktívnej komunikácie v rozhlase a v televízii. Digitálna gramotnosť. Inovatívne prístupy k interaktívnej komunikácii.

Gespeichert in:
Bibliographische Detailangaben
1. Verfasser: Eisele, Štefan
Weitere Verfasser: Lipianska, Júlia
Format: Buchkapitel
Sprache:Slowakisch
Schlagworte:
Tags: Tag hinzufügen
Keine Tags, Fügen Sie das erste Tag hinzu!

MARC

LEADER 00000naa$a2200000$$$4500
001 0105131
005 20240502072145.4
041 0 |a slo 
044 |a SK 
245 1 0 |a Interaktívna komunikácia v médiách  |c Štefan Eisele, Júlia Lipianska 
520 |a Základné východiská interaktívnej komunikácie. Interaktívna komunikácia v súčasnosti. Príklady interaktívnej komunikácie v rozhlase a v televízii. Digitálna gramotnosť. Inovatívne prístupy k interaktívnej komunikácii. 
610 2 0 |a komunikácia 
610 2 0 |a médiá 
610 2 0 |a televízia 
610 2 0 |a rozhlas 
610 2 0 |a telefón mobilný 
610 2 0 |a technológie komunikačné 
610 2 0 |a technológie informačné 
610 2 0 |a gramotnosť digitálna 
100 1 |a Eisele, Štefan 
700 1 |a Lipianska, Júlia